000 00218nam a2200097Ia 4500
008 240625s9999 xx 000 0 und d
041 _aeng
100 _aLEON ALEXIS
245 _aSQL A COMPLETE REFERENCE
260 _c2003
999 _c33287
_d33287